| 000 | 00971nam a22002535i 4500 | ||
|---|---|---|---|
| 001 | 164787 | ||
| 003 | ES-MaACL | ||
| 005 | 20230906213015.0 | ||
| 008 | 000119s1885 fr a |||| | fre d | ||
| 040 |
_aM-RACE _bspa _cM-RACE _dCCPB | B |
||
| 080 | _a58:575.8 | ||
| 100 | 1 |
_aSaporta, Gaston de ( _d1823-1895) _9147544 |
|
| 245 | 1 | 2 |
_aL'évolution du règne végétal _b: les phanérogames / _cpar G. de Saporta, A. -F. Marion. |
| 260 |
_aParis : _bAncienne Librairie Germen Baillière : _bFelix Alcan, _c1885. |
||
| 300 |
_a2 v. ; _c : _bil. ; 18 cm. |
||
| 490 | 1 |
_aBibliothèque scientifique internationale ; _v52-53 |
|
| 597 | _aVol. I (249 p.) -- Vol. II (247 p.) | ||
| 650 | 4 |
_aPlantas- _xEvolución. _916113 |
|
| 700 | 1 |
_aMarion, Antoine-Fortune. _9129505 |
|
| 752 |
_aFrancia - _dParís |
||
| 830 | 0 |
_aBibliothèque scientifique internationale ; _v52-53 _9186949 |
|
| 852 |
_aES-MaACL _jF-14381-82 _z-- Enc. editorial en tela |
||
| 999 |
_c164787 _d164787 |
||